Uncultivated nuts of the United States

Na minha lista:
Detalhes bibliográficos
Autor principal: Krochmal, Arnold
Formato: Livro
Idioma:inglês
Publicado em: Washington U.S. Department of Agriculture 1982
Tags: Adicionar Tag
Sem tags, seja o primeiro a adicionar uma tag!

MARC

LEADER 00000nam a2200000 4500
001 c136616
005 20041019155307.6
041 0 |a eng 
044 |a US 
245 1 0 |a Uncultivated nuts of the United States  |c Arnold Krochmal 
264 1 |a Washington  |b U.S. Department of Agriculture  |c 1982 
300 |a 89 s. 
100 1 |a Krochmal, Arnold